Main Peanuts Characters - Statistics

General Stats
  • This quiz has been taken 61 times
  • The average score is 12 of 20
Answer Stats
Picture Answer % Correct
Charlie Brown
100%
Snoopy
100%
Linus
98%
Lucy
95%
Woodstock
90%
Peppermint Patty
85%
Pig Pen
80%
Sally
80%
Marcie
76%
Franklin
63%
Schroeder
59%
Violet
56%
Patty
54%
Rerun
46%
Frieda
32%
Spike
32%
Shermy
24%
Eudora
20%
Peggy Jean
7%
Lydia
2%
No matching quizzes found
Score Distribution
Percent of People with Each Score
Percentile by Number Answered
Your Score History
You have not taken this quiz